000 00913nam a2200289 4500
001 002356
003 DO-SdBNP
005 20180221133607.0
007 002356
008 160407b 1992 sp a ||| |||| 00| 0 spa d
020 _a843481776
040 _aBPMSU
_bspa
_cBPMSU
100 1 _aNöstlinger, Christine,
_d1936-
240 _aLiebe Susi, lieber Paul. /
_lespañol
245 1 0 _aQuerida Susi, querido Paul /
_c Christine Nostlinger ; traducción Marinella Terzi.
250 _a12a. ed.
260 _aMadrid :
_bSM,
_c1992
300 _a91 p. :
_b il. ;
_c21 cm.
490 0 _aEl barco de vapor
_aSerie azul
_v19
521 _aA partir de 7 años.
586 _aPremio Hans Christian Andersen, 1984
700 _aTerzi, Marinella,
_etraductor
830 _aEl barco de vapor
_v19
_pSerie azul
942 _2ddc
_cBK
945 _aInventariado, 2018/ YL
956 _2VMATEO
_310
_620160307
_8BPMSU
_a0069
999 _c9616
_d9616